Normal view
MARC view
- تاليف الكعبي، عبد الحكيم
Entry Personal Name
001 - CONTROL NUMBER
- control field: 60298
003 - CONTROL NUMBER IDENTIFIER
- control field: JO-AjAnu
005 - DATE AND TIME OF LATEST TRANSACTION
- control field: 20230606083846.0
008 - FIXED-LENGTH DATA ELEMENTS
- fixed length control field: 230606|| aca||aabn | a|a d
040 ## - CATALOGING SOURCE
- Original cataloging agency: JO-AjAnu
- Transcribing agency: JO-AjAnu
100 ## - HEADING--PERSONAL NAME
- Personal name: تاليف الكعبي، عبد الحكيم
670 ## - SOURCE DATA FOUND
- Source citation: Work cat.: (JO-AjAnu)30750: تاليف الكعبي، عبد الحكيم, author, موسوعة التاريخ الاسلامي:عصر الخلفاء الراشدين